000 00824nam a2200265Ia 4500
001 Para_8269
003 CHAP
008 220125s9999 xx 000 0 und d
010 _a205773
040 _cCHAP
082 _aPA-C 595.752 A6
100 _aTakahashi, Rioichi
_9171886
245 _aNotes on some formosan aphididae /
_c by R. Takahashi (M /
_cBaja)
300 _a10 p.
440 _aAphidae; 9
_9171887
500 _aSobretiro de: Trans. Nat. Hist. Soc. Formosa 19 (100): 92-103, 1929. Encuadernado con otros impresos similares
650 _a
_x Afididos
_x Colecciones de escritos
_x Afididos
_x formosa
_9171888
901 _aPA-C 595.752 A6
902 _aM
905 _a000000 0000000000 00
910 _a
942 _cPARA
942 _cPARA
_d1
999 _c205773
_d205773